| 000 | 00710cam a2200265 4500 | ||
|---|---|---|---|
| 001 | J83831 | ||
| 008 | 090401t1997 xxu||||| |||| 00| 0 eng d | ||
| 035 | _a(Sirsi) u78217 | ||
| 041 | _aeng | ||
| 050 | _a333.33709421 | ||
| 110 |
_aJones Lang Wootton _92909 |
||
| 245 | _aCentral London offices report. - First quarter 1997 - Second quarter 1997 | ||
| 260 |
_aLondon _bJones Lang Wootton _c1997 |
||
| 300 | _a2 pt. ; 30cm. | ||
| 350 | _a0 | ||
| 650 | _aCENTRAL LONDON | ||
| 650 | _aCITY OF LONDON | ||
| 650 | _aDOCKLANDS | ||
| 650 | _aFLOORSPACE STATISTICS | ||
| 650 | _aOFFICES | ||
| 650 | _aWEST END OF LONDON | ||
| 690 | _aPROPERTY-COMMERCIAL PROPERTY | ||
| 942 | _n0 | ||
| 948 | _c07/05/1997 | ||
| 999 |
_c96407 _d96407 |
||